000 00312nam a22001337a 4500
008 170630b xxu||||| |||| 00| 0 eng d
020 _a9780881255287
041 _aeng
080 _a82
100 _a22
101 _aGJL
245 _aLEGE4NDS OF THE CHINESE JEWS OF KAIFENG
_cXIN.X
942 _2udc
_cBK
999 _c19794
_d19794